书目信息 |
| 题名: |
语文教育心理学
|
|
| 作者: | 韦志成 , 韦敏 著 | |
| 分册: | ||
| 出版信息: | 南宁 广西教育出版社 2007 |
|
| 页数: | 284页 | |
| 开本: | 21cm | |
| 丛书名: | 学科教育心理学丛书 | |
| 单 册: | ||
| 中图分类: | G447 | |
| 科图分类: | ||
| 主题词: | 语文--教育心理学 , 语文 , 教育心理学 | |
| 电子资源: | ||
| ISBN: | 978-7-5435-3727-9 | |
| 000 | 01050oam2 2200313 450 | |
| 001 | 100428356844 | |
| 005 | 20110224091935.92 | |
| 010 | @a978-7-5435-3727-9@dCNY18.00 | |
| 035 | @a003488379 | |
| 100 | @a20070608d2007 em y0chiy0110 ea | |
| 101 | 0 | @achi |
| 102 | @aCN@b450000 | |
| 105 | @ay z 000yy | |
| 106 | @ar | |
| 200 | 1 | @a语文教育心理学@9yu wen jiao yu xin li xue@f韦志成,韦敏著 |
| 205 | @a2版 | |
| 210 | @a南宁@c广西教育出版社@d2007 | |
| 215 | @a284页@d21cm | |
| 225 | 2 | @a学科教育心理学丛书 |
| 330 | @a本书从教师“教”、学生的“学”和具体课程内容的教学三个方面阐释了语文教育的心理学原理。重点阐释在阅读、写作和口语交际的教学中,抓住学生的心理特点,培养学生良好心理素质,提高学生语文素养。 | |
| 461 | 0 | @12001 @a学科教育心理学丛书 |
| 606 | 0 | @a语文@x教育心理学 |
| 606 | 0 | @a语文 |
| 606 | 0 | @a教育心理学 |
| 690 | @aG447@v4 | |
| 701 | 0 | @a韦志成@9wei zhi cheng@f(1940.8~)@4著 |
| 701 | 0 | @c(澳)@a韦敏@9wei min@c(女,@f1972.8~)@4著 |
| 801 | 0 | @aCN@bNLC@c20110224 |
| 905 | @b205980036-072@h598003-07@dG447@e190=2@f5 | |
| 语文教育心理学/韦志成,韦敏著.-2版.-南宁:广西教育出版社,2007 |
| 284页;21cm.-(学科教育心理学丛书) |
| ISBN 978-7-5435-3727-9:CNY18.00 |
| 本书从教师“教”、学生的“学”和具体课程内容的教学三个方面阐释了语文教育的心理学原理。重点阐释在阅读、写作和口语交际的教学中,抓住学生的心理特点,培养学生良好心理素质,提高学生语文素养。 |
| ● |
| 相关链接 |
|
|
|
|
正题名:语文教育心理学
索取号:G447/190=2
 
预约/预借
| 序号 | 登录号 | 条形码 | 馆藏地/架位号 | 状态 | 备注 |
| 1 | 598003 | 205980036 | 第一样本阅览室/ [索取号:G447/190=2] | 在馆 | |
| 2 | 598004 | 205980045 | 第四借阅区/ [索取号:G447/190=2] | 在馆 | |
| 3 | 598005 | 205980054 | 第四借阅区/ [索取号:G447/190=2] | 在馆 | |
| 4 | 598006 | 205980063 | 第四借阅区/ [索取号:G447/190=2] | 在馆 | |
| 5 | 598007 | 205980072 | 第四借阅区/ [索取号:G447/190=2] | 在馆 |